000 00416nam a22001697a 4500
003 NUST - PNEC
005 20170116181037.0
008 150919b xxu||||| |||| 00| 0 eng d
020 _a0070473374
040 _cLIBRARY
082 _a621.4022 NAG
100 _911488
_aNag, P. K.
245 _aHeat and mass transfer
_cP.K. Nag
260 _cc.2002
650 _911489
_aHeat--Transmission
_xME
942 _2ddc
_cBK
999 _c68003
_d68003